000 00606nam a22002177a 4500
003 UA-OsUOA
001 71093
007 ta
008 20101005b un ||||| |||| 00| 0 ukr d
100 _aСулима Л.
090 _a94(477)
_bС89
942 _cSA
040 _aUA-OsUOA
_bukr
_cUA-OsUOA
_dUA-OsUOA
245 _aВід Гетьманщини до Імперії. З історії славетного роду Сулимів
300 _aС.8
955 _a0
041 _aukr
080 _a94(477)
773 0 _w71090
650 7 _a9 Географія. Біографії. Історія
_2UDC
999 _c357363
_d357363